Sports Quiz

Random Sports or NFL Quiz
Score 0/30 Timer 04:00
0 Plays Today
Quarterback 'W' or 'L' % Correct
Dan Marino???
85%
Eli Manning???
79.4%
Tony Romo???
77.9%
Phillip Rivers???
76.7%
Matt Hasselbeck???
70.4%
Michael Vick???
70.4%
Alex Smith???
69.6%
Jay Cutler???
64.8%
Jim McMahon???
64.8%
Carson Palmer???
64.4%
Don Majkowski???
63.6%
Chris Chandler???
61.7%
Mark Brunell???
59.3%
Brad Johnson???
54.9%
Jim Harbaugh???
54.9%
Quarterback 'W' or 'L' % Correct
Kerry Collins???
54.2%
Vinny Testaverde???
53.8%
Doug Williams???
53.4%
Jim Everett???
53.4%
Matthew Stafford???
52.6%
Danny White???
51%
Jake Delhomme???
50.6%
Bernie Kosar???
50.6%
Jeff Garcia???
45.5%
Dave Krieg???
44.7%
Trent Dilfer???
44.3%
Jeff Hostetler???
42.3%
Daunte Culpepper???
39.5%
Boomer Esiason???
37.5%
Warren Moon???
23.7%
Remove Ads.
Support Sporcle.
Get the best of Sporcle when you Go Orange. This ad-free experience offers more features, more stats, and more fun while also helping to support Sporcle. Thank you for becoming a member.

You're not logged in!

Compare scores with friends on all Sporcle quizzes.
OR
Log In

Sporcle TV

Today on Sporcle TV


Watch our educational content, quiz creation guides, and fun videos on Sporcle TV.

Show Comments

Extras

Top Quizzes Today


Score Distribution

Paid Content

Your Account Isn't Verified!

In order to create a playlist on Sporcle, you need to verify the email address you used during registration. Go to your Sporcle Settings to finish the process.

Report this User

Report this user for behavior that violates our Community Guidelines.

Details: